00615 a2200181 450000100060000002000060000604000240001210000190003624000440005524500390009930000110013836200090014965000310015894200070018995201040019695201160030099900170041669586 a  cAnchieta - Itaigara aRocha, Kátia10aPode entrar: a porta está abertalpor10aPode entrar: a porta está aberta a[32p.]0 a2004 4aLiteratura infanto-juvenil cBK 00104070a88.1b88.1d2023-11-21l0o028.5 BRA PODp2062/ITAr2023-11-21 20:04:12w2023-11-21yBK 00102udc4070a39.1b39.1d2024-07-22l0o028.5 R672pp5602/CCPr2024-07-22 19:34:06tEx. 1w2024-07-22yBKu c69586d69586